[Event "Banja Luka op"]
[Site "Banja Luka"]
[Date "2004.12.08"]
[Round "5"]
[White "Talic, Miro"]
[Black "Abramovic, Bosko"]
[Result "0-1"]
[WhiteElo "2237"]
[BlackElo "2471"]
[PlyCount "64"]
[EventDate "2004.12.04"]
[EventType "swiss"]
[EventRounds "9"]
[EventCountry "BIH"]
[SourceTitle "CBM 103 Extra"]
[Source "ChessBase"]
[SourceDate "2005.01.01"]
[SourceVersion "1"]
[SourceVersionDate "2005.01.01"]
[SourceQuality "1"]

1. Nf3 c5 2. c4 g6 3. g3 b6 4. Bg2 Bb7 5. 0-0 Bg7 6. d4 cxd4 7. Nxd4 Bxg2 8. Kxg2 Nf6 9. Nc3 Qc8 10. b3 Qb7+ 11. f3 d5 12. Bg5 dxc4 13. bxc4 0-0 14. Qa4 Rc8 15. Rad1 Nbd7 16. Bxf6 Nc5 17. Qb5 Bxf6 18. Nd5 Bg7 19. h4 e6 20. Ne3 Rc7 21. Nb3 h5 22. g4 Bh6 23. g5 Bg7 24. Nxc5 Rxc5 25. Qd7 Rc7 26. Qb5 Rac8 27. Rd3 Rc5 28. Qb3 Qc7 29. f4 Qc6+ 30. Rf3 b5 31. cxb5 Rxb5 32. Qa4 Rxg5+ 0-1

[Event "Serbia-chT"]
[Site "Jahorina"]
[Date "2001.08.14"]
[Round "4"]
[White "Talic, Miro"]
[Black "Gavric, Miladin"]
[Result "1/2-1/2"]
[WhiteElo "2275"]
[BlackElo "2392"]
[PlyCount "21"]
[EventDate "2001.08.11"]
[EventType "team"]
[EventRounds "9"]
[EventCountry "YUG"]
[SourceTitle "EXT 2002"]
[Source "ChessBase"]
[SourceDate "2001.11.25"]
[SourceVersion "1"]
[SourceVersionDate "2001.11.25"]
[SourceQuality "1"]

1. d4 d5 2. c4 e6 3. Nc3 Nf6 4. a3 Be7 5. Nf3 0-0 6. Bf4 c5 7. e3 Nc6 8. cxd5 Nxd5 9. Nxd5 exd5 10. dxc5 Bxc5 11. Bd3 1/2-1/2

[Event "Serbia-chT"]
[Site "Jahorina"]
[Date "2001.08.13"]
[Round "3"]
[White "Zegarac, Boris"]
[Black "Talic, Miro"]
[Result "1/2-1/2"]
[WhiteElo "2269"]
[BlackElo "2275"]
[PlyCount "24"]
[EventDate "2001.08.11"]
[EventType "team"]
[EventRounds "9"]
[EventCountry "YUG"]
[SourceTitle "EXT 2002"]
[Source "ChessBase"]
[SourceDate "2001.11.25"]
[SourceVersion "1"]
[SourceVersionDate "2001.11.25"]
[SourceQuality "1"]

1. d4 Nf6 2. c4 e6 3. Nf3 Bb4+ 4. Nbd2 0-0 5. g3 b6 6. Bg2 Bb7 7. 0-0 d5 8. Qc2 Nbd7 9. a3 Bd6 10. b4 c5 11. bxc5 bxc5 12. Rb1 Qc7 1/2-1/2